000 00367 a2200133 4500
001 65965
082 _a629.1323ROS
090 _c38377
_d38377
100 _aRoskam, Jan
245 _aAircraft Flight Dynamics and Automatic Flight Controls Part II
260 _aUSA
_bDAR Corporation
_c1998
300 _axxxviii, 483 p
_bphotocopy
500 _aBE textbook AE dept
942 _aNUST CAE
_k629.1323ROS
999 _c301038
_d301038